LEADER 00847naa a2200217 u 4500 001 000000093461 003 CaOOAMICUS 005 20070226130134.0 008 010704s1949 fr u000 u fre u 035 $a10895755 040 $aPUL(R)$bita 100 1 $aSiegfried, André,$d1875-$0(OLS)http://pul/name/60138 245 14$aLes canaux internationaux et les grandes routes maritimes mondiales /$cpar André Siegfried. 260 $a[S. l. :$bs. n.],$c1949. 300 $aP. [1-72] 504 $aBibliografia in nota. 650 4$aDiritto internazionale.$0(OLS)http://pul/subject/2505 773 0 $tRecueil des cours$gv.I (1949) 773 0 $tRecueil des cours 1949$w()59742 996 $6245$aLes canaux internationaux et les grandes routes maritimes mondiales$9(OLS)http://pul/title/120324 996 $6260$a[S. l. :$bs. n.]$9(OLS)http://pul/publisher/47882 LEADER 01337nam a2200289 u 4500 001 000000109222 003 CaOOAMICUS 005 20080128103033.0 008 080128s2004 it u000 u ita u 020 $a88-495-0665-1 040 $aPUL$bita$dLDB 100 1 $aBorruso, Renato.$0(OLS)http://pul/name/66897 245 10$aDiritto civile e informatica /$cRenato Borruso, Gianluigi Ciacci. 260 $aNapoli :$bEdizioni scientifiche italiane,$c2004. 300 $axx, 524 p. ;$c24 cm. 490 1 $aTrattato di diritto civile del Consiglio Nazionale del Notariato.$a10, Varia ;$v03 500 $aContiene indici. 504 $aBibliografia in nota. 650 4$aInformatica e diritto.$0(OLS)http://pul/subject/23615 700 1 $aCiacci, Gianluigi.$0(OLS)http://pul/name/66896 830 0$aTrattato di diritto civile del Consiglio Nazionale del Notariato.$n10,$pVaria ;$v03.$0(OLS)http://pul/title/137414 850 $aPUL 852 $aPUL$W1$xSL Diritto e Scienze Sociali 3$y79$m346. 45 COLL 3.6$j124812$qDDC 21$B123552$CPULBib$Z2$F123552 $H106215 $82 941 1 $a9 996 $6020$a88-495-0665-1$9(OLS)http://pul/number/136831 996 $6245$aDiritto civile e informatica$9(OLS)http://pul/title/137413 996 $6260$aNapoli :$bEdizioni scientifiche italiane$9(OLS)http://pul/publisher/48388